<?xml version="1.0" encoding="UTF-8"?>
<record
    xmlns:xsi="http://www.w3.org/2001/XMLSchema-instance"
    xsi:schemaLocation="http://www.loc.gov/MARC21/slim http://www.loc.gov/standards/marcxml/schema/MARC21slim.xsd"
    xmlns="http://www.loc.gov/MARC21/slim">

  <leader>00787nam a22002057a 4500</leader>
  <controlfield tag="005">20250120151816.0</controlfield>
  <datafield tag="010" ind1=" " ind2=" ">
    <subfield code="a">ENG-143442</subfield>
  </datafield>
  <datafield tag="020" ind1=" " ind2=" ">
    <subfield code="c">69.00</subfield>
    <subfield code="a">9789383882298</subfield>
  </datafield>
  <datafield tag="035" ind1=" " ind2=" ">
    <subfield code="a">EN-126974</subfield>
  </datafield>
  <datafield tag="037" ind1=" " ind2=" ">
    <subfield code="b">DBAD</subfield>
  </datafield>
  <datafield tag="082" ind1=" " ind2=" ">
    <subfield code="a">270</subfield>
  </datafield>
  <datafield tag="100" ind1=" " ind2=" ">
    <subfield code="a">Ahmad, Hadhrat Mirza Ghulam </subfield>
    <subfield code="9">76776</subfield>
  </datafield>
  <datafield tag="245" ind1=" " ind2=" ">
    <subfield code="a">Barahin-e-Ahmadiyya Parts I &amp; II ;</subfield>
    <subfield code="c">Arguments in Support of the Holy Quran and the Prophethood of the Holy Prophet Muhammad/</subfield>
    <subfield code="b">Ahmad, Hadhrat Mirza Ghulam </subfield>
  </datafield>
  <datafield tag="260" ind1=" " ind2=" ">
    <subfield code="b">Islam International publications Ltd.</subfield>
    <subfield code="c">2014</subfield>
    <subfield code="a">Punjab</subfield>
  </datafield>
  <datafield tag="270" ind1=" " ind2=" ">
    <subfield code="a">Nazarat nashar-o-isha' at, sadr Anjuman Ahmadiyya qadian Distt gurdaspur </subfield>
    <subfield code="b">Punjab</subfield>
    <subfield code="e">143516</subfield>
  </datafield>
  <datafield tag="300" ind1=" " ind2=" ">
    <subfield code="a">149 p.</subfield>
    <subfield code="c">25 cm (pbk)</subfield>
  </datafield>
  <datafield tag="500" ind1=" " ind2=" ">
    <subfield code="a">Rilision book</subfield>
  </datafield>
  <datafield tag="700" ind1=" " ind2=" ">
    <subfield code="a">Ahmad, Hadhrat Mirza Ghulam </subfield>
    <subfield code="9">76737</subfield>
  </datafield>
  <datafield tag="942" ind1=" " ind2=" ">
    <subfield code="2">ddc</subfield>
    <subfield code="c">EN</subfield>
    <subfield code="h">270</subfield>
    <subfield code="m">Ahm</subfield>
  </datafield>
  <datafield tag="999" ind1=" " ind2=" ">
    <subfield code="c">208614</subfield>
    <subfield code="d">208614</subfield>
  </datafield>
  <datafield tag="952" ind1=" " ind2=" ">
    <subfield code="0">0</subfield>
    <subfield code="1">0</subfield>
    <subfield code="4">0</subfield>
    <subfield code="7">0</subfield>
    <subfield code="8">NFIC</subfield>
    <subfield code="a">L</subfield>
    <subfield code="b">L</subfield>
    <subfield code="d">2025-01-20</subfield>
    <subfield code="e">DBAD</subfield>
    <subfield code="g">69.00</subfield>
    <subfield code="l">0</subfield>
    <subfield code="o">270 AHM</subfield>
    <subfield code="p">EN-126974</subfield>
    <subfield code="r">2025-01-20 00:00:00</subfield>
    <subfield code="t">1</subfield>
    <subfield code="v">69.00</subfield>
    <subfield code="w">2025-01-20</subfield>
    <subfield code="y">EN</subfield>
  </datafield>
</record>
